000
00250nam a2200085Ia 4500
008
120527s9999 xx 000 0 und d
100
_a
VUYI,STEKE, D.R
245
_a
Shoot-tip culture for the propagation,conservation & distribution of Musa
942
_c
BK
999
_c
25232
_d
25232